01234naa a2200181 a 450000100080000000500110000800800410001910000170006024500510007726000090012852007830013765000130092065000150093365000120094865000100096065000110097077300710098111357252025-05-20 2025 bl uuuu u00u1 u #d1 aELIAS, H. T. aMilho - fevereiro/2025.h[electronic resource] c2025 aO Boletim re??ne as informa????es conjunturais de alguns dos principais produtos agropecu??rios do estado de Santa Catarina. O objetivo deste documento ?? apresentar de forma sucinta as principais informa????es conjunturais referentes ao desenvolvimento, da produ????o e dos mercados para os produtos selecionados. Para isso, o Boletim Agropecu??rio cont??m informa????es referentes ?? ??ltima quinzena ou aos ??ltimos 30 dias. Em casos espor??dicos, a publica????o poder?? conter s??ries mais longas e an??lises de eventos espec??ficos. Al??m das informa????es por produto, eventualmente poder??o ser divulgados neste documento textos com an??lises conjunturais que se fa??am pertinentes e oportunas, chamando a aten????o para aspectos n??o especificamente voltados ao mercado. aan??lise aconjuntura amercado amilho apre??o tBoletim Agropecu??rio, Florian??polis, SCgn. 141, p. 16-19, 2025.